| 000 | 01421nam a2200265Ia 4500 | ||
|---|---|---|---|
| 999 |
_c53863 _d53863 |
||
| 001 | 20914 | ||
| 003 | GE_BSU | ||
| 005 | 20221219121021.0 | ||
| 008 | 181216s2010||||ge |||||||||||||| ||geo|| | ||
| 020 | _a9789994097203 | ||
| 040 | _cGE_BSU | ||
| 041 | _ageo | ||
| 080 | _a159.922.7 კ–37 | ||
| 100 |
_aკახიანი, ჯანა _916474 |
||
| 245 |
_aბავშვის სამყარო : _bფსიქოლოგის რჩევები მშობლებს / _cჯანა კახიანი ; [რედ.: მარინა ჯაფარიძე, თათია მთვარელიძე, გამომც. რედ. ლია შალვაშვილი ; ფოტოები გიზო ვარდოსანიძის]. |
||
| 250 | _aმე-2 შევს. და გადამუშ. გამოც. | ||
| 264 |
_aთბილისი : _bშემეცნება, _c2010. |
||
| 300 |
_a176 გვ. : _bფოტ. ; _c 20 სმ. |
||
| 653 | _aბავშვთა ფსიქოლოგია | ||
| 653 | _aფსიქოლოგია | ||
| 700 |
_aჯაფარიძე, მარინა _eრედაქტორი _916475 |
||
| 700 |
_aმთვარელიძე, თათია _eრედაქტორი _914713 |
||
| 700 |
_aვარდოსანიძე, გიზო _eფოტო. _916476 |
||
| 942 |
_cBK _2udc |
||